[Event "DEM U10w 2024"]
[Site "Willingen GER"]
[Date "2024.05.22"]
[Round "6"]
[White "Vignesh, Sara"]
[Black "Ruddat, Maila"]
[Result "0-1"]
[Termination "normal"]
[Board "10"]
[WhiteElo "1136"]
[BlackElo "1522"]
[WhiteClock "01:06:28"]
[BlackClock "01:00:00"]
[PlyCount "104"]
[WhiteFideId "34674756"]
[BlackFideId "34628100"]
[EventCountry "GER"]
[EventRounds "11"]
[EventType "swiss"]
[EventDate "2024.05.18"]

1. d4 {[%clk 01:15:59]} d5 {[%emt 00:00:26]} 2. c4 {[%clk 01:16:24]} e6 {[%clk
01:15:30]} {[%emt 00:00:39]} 3. Nc3 {[%clk 01:16:49]} {[%emt 00:00:06]} Be7
{[%clk 01:15:25]} {[%emt 00:00:34]} 4. cxd5 {[%clk 01:16:53]} {[%emt 00:00:25]}
exd5 {[%clk 01:15:36]} {[%emt 00:00:20]} 5. Nf3 {[%clk 01:16:51]} {[%emt
00:00:33]} Nf6 {[%clk 01:15:55]} {[%emt 00:00:11]} 6. Bg5 {[%clk 01:17:10]}
{[%emt 00:00:10]} h6 {[%clk 01:16:04]} {[%emt 00:00:21]} 7. Bf4 {[%clk
01:16:43]} {[%emt 00:00:57]} O-O {[%clk 01:15:06]} {[%emt 00:01:28]} 8. e3
{[%clk 01:16:43]} {[%emt 00:00:29]} Nbd7 {[%clk 01:14:45]} {[%emt 00:00:52]} 9.
h3 {[%clk 01:16:11]} {[%emt 00:01:03]} c5 {[%clk 01:13:48]} {[%emt 00:01:27]}
10. dxc5 {[%clk 01:15:05]} {[%emt 00:01:36]} Nxc5 {[%clk 01:13:32]} {[%emt
00:00:46]} 11. Be2 {[%clk 01:13:55]} {[%emt 00:01:40]} Nce4 {[%clk 01:11:07]}
{[%emt 00:02:55]} 12. Nxe4 {[%clk 01:12:55]} {[%emt 00:01:28]} dxe4 {[%clk
01:10:48]} {[%emt 00:00:50]} 13. Qxd8 {[%clk 01:12:12]} {[%emt 00:01:13]} Rxd8
{[%clk 01:10:26]} {[%emt 00:00:51]} 14. Nd2 {[%clk 01:12:01]} {[%emt 00:00:42]}
Bb4 {[%clk 01:10:28]} {[%emt 00:00:27]} 15. Rd1 {[%clk 01:11:43]} {[%emt
00:00:48]} Bd7 {[%clk 01:09:59]} {[%emt 00:01:01]} 16. b3 {[%clk 01:08:45]}
{[%emt 00:03:27]} a5 {[%clk 01:09:27]} {[%emt 00:01:01]} 17. O-O {[%clk
01:07:09]} {[%emt 00:02:07]} Be6 {[%clk 01:08:42]} {[%emt 00:01:15]} 18. Nc4
{[%clk 01:06:17]} {[%emt 00:01:21]} Bc5 {[%clk 01:07:13]} {[%emt 00:01:55]} 19.
Rxd8+ {[%clk 01:05:41]} {[%emt 00:01:12]} Rxd8 {[%clk 01:07:04]} {[%emt
00:00:39]} 20. Rd1 {[%clk 01:05:11]} {[%emt 00:00:55]} Rxd1+ {[%clk 01:06:23]}
{[%emt 00:01:15]} 21. Bxd1 {[%clk 01:05:27]} {[%emt 00:00:14]} Bxc4 {[%clk
01:06:31]} {[%emt 00:00:23]} 22. bxc4 {[%clk 01:05:26]} {[%emt 00:00:30]} Bb4
{[%clk 01:05:27]} {[%emt 00:01:33]} 23. Ba4 {[%clk 01:04:12]} {[%emt 00:01:42]}
Kf8 {[%clk 01:02:21]} {[%emt 00:03:40]} 24. Bc7 {[%clk 01:03:16]} {[%emt
00:01:25]} Ke7 {[%clk 01:02:16]} {[%emt 00:00:32]} 25. a3 {[%clk 01:02:56]}
{[%emt 00:00:54]} Bxa3 {[%clk 01:02:08]} {[%emt 00:00:37]} 26. Bxa5 {[%clk
01:03:11]} {[%emt 00:00:16]} Bc5 {[%clk 01:02:17]} {[%emt 00:00:20]} 27. Kf1
{[%clk 01:03:00]} {[%emt 00:00:41]} b6 {[%clk 01:02:38]} {[%emt 00:00:09]} 28.
Bc3 {[%clk 01:03:02]} {[%emt 00:00:28]} g5 {[%clk 01:00:57]} {[%emt 00:02:10]}
29. Bd4 {[%clk 01:03:16]} {[%emt 00:00:17]} Nd7 {[%clk 01:00:39]} {[%emt
00:00:46]} 30. Bxd7 {[%clk 01:02:26]} {[%emt 00:01:22]} Kxd7 {[%clk 01:00:53]}
{[%emt 00:00:16]} 31. Bxc5 {[%clk 01:02:43]} {[%emt 00:00:14]} bxc5 {[%clk
01:01:04]} {[%emt 00:00:19]} 32. Ke2 {[%clk 01:02:57]} {[%emt 00:00:15]} f5
{[%clk 01:00:42]} {[%emt 00:00:52]} 33. g4 {[%clk 01:02:38]} {[%emt 00:00:49]}
Ke6 {[%clk 01:00:34]} {[%emt 00:00:38]} 34. f4 {[%clk 01:02:17]} {[%emt
00:00:51]} Kf6 {[%clk 00:59:37]} {[%emt 00:01:28]} 35. Kd2 {[%clk 01:01:55]}
{[%emt 00:00:51]} Kg6 {[%clk 00:58:42]} {[%emt 00:01:26]} 36. gxf5+ {[%clk
01:01:10]} {[%emt 00:01:15]} Kxf5 {[%clk 00:58:49]} {[%emt 00:00:23]} 37. fxg5
{[%clk 01:01:13]} {[%emt 00:00:27]} Kxg5 {[%clk 00:58:37]} {[%emt 00:00:42]}
38. Ke1 {[%clk 01:01:15]} {[%emt 00:00:27]} Kh4 {[%clk 00:58:50]} {[%emt
00:00:17]} 39. Ke2 {[%clk 01:01:33]} {[%emt 00:00:12]} Kxh3 {[%clk 00:58:46]}
{[%emt 00:00:34]} 40. Kf2 {[%clk 01:01:56]} {[%emt 00:00:07]} Kh2 {[%clk
00:58:43]} {[%emt 00:00:33]} 41. Ke2 {[%clk 01:02:12]} {[%emt 00:00:14]} Kg2
{[%clk 00:58:57]} {[%emt 00:00:16]} 42. Ke1 {[%clk 01:02:36]} {[%emt 00:00:06]}
h5 {[%clk 00:59:09]} {[%emt 00:00:18]} 43. Ke2 {[%clk 01:02:58]} {[%emt
00:00:09]} h4 {[%clk 00:59:30]} {[%emt 00:00:09]} 44. Ke1 {[%clk 01:03:25]}
{[%emt 00:00:03]} h3 {[%clk 00:59:51]} {[%emt 00:00:09]} 45. Ke2 {[%clk
01:03:49]} {[%emt 00:00:05]} h2 {[%clk 01:00:11]} {[%emt 00:00:11]} 46. Ke1
{[%clk 01:04:16]} {[%emt 00:00:03]} h1=Q+ {[%clk 01:00:14]} {[%emt 00:00:26]}
47. Ke2 {[%clk 01:04:43]} {[%emt 00:00:04]} Qf1+ {[%clk 01:00:19]} {[%emt
00:00:24]} 48. Kd2 {[%clk 01:05:07]} {[%emt 00:00:06]} Qd3+ {[%clk 01:00:23]}
{[%emt 00:00:27]} 49. Ke1 {[%clk 01:05:25]} {[%emt 00:00:11]} Qc3+ {[%clk
01:00:02]} {[%emt 00:00:51]} 50. Ke2 {[%clk 01:05:46]} {[%emt 00:00:08]} Qb2+
{[%clk 01:00:09]} {[%emt 00:00:24]} 51. Kd1 {[%clk 01:06:05]} {[%emt 00:00:11]}
Kf3 {[%clk 01:00:13]} {[%emt 00:00:26]} 52. Ke1 {[%clk 01:06:28]} {[%emt
00:00:07]} Qe2# {[%clk 01:00:00]} {[%emt 00:00:10]} 0-1

[Event "DEM U10w 2024"]
[Site "Willingen GER"]
[Date "2024.05.22"]
[Round "6"]
[White "Vasilieva, Victoria"]
[Black "Jänsch, Layla"]
[Result "1/2-1/2"]
[Termination "normal"]
[Board "12"]
[WhiteElo "1048"]
[BlackElo "962"]
[WhiteClock "00:49:39"]
[BlackClock "00:35:42"]
[PlyCount "120"]
[WhiteFideId "533007071"]
[EventCountry "GER"]
[EventRounds "11"]
[EventType "swiss"]
[EventDate "2024.05.18"]

1. d4 {[%clk 01:15:58]} {[%emt 00:00:02]} Nf6 {[%clk 01:16:23]} {[%emt
00:00:07]} 2. c4 {[%clk 01:16:15]} {[%emt 00:00:14]} g6 {[%clk 01:16:37]}
{[%emt 00:00:16]} 3. Bf4 {[%clk 01:16:15]} {[%emt 00:00:28]} Bg7 {[%clk
01:14:58]} {[%emt 00:02:09]} 4. e3 {[%clk 01:15:53]} {[%emt 00:00:52]} d5
{[%emt 00:00:55]} 5. cxd5 {[%clk 01:15:39]} {[%emt 00:00:41]} Nxd5 {[%clk
01:14:14]} {[%emt 00:00:53]} 6. Bg3 {[%clk 01:14:13]} {[%emt 00:01:56]} c5
{[%clk 01:10:49]} {[%emt 00:03:56]} 7. Bc4 {[%clk 01:12:04]} {[%emt 00:02:37]}
Be6 {[%clk 01:07:01]} {[%emt 00:04:14]} 8. Nc3 {[%clk 01:10:42]} {[%emt
00:01:56]} Nxc3 {[%clk 01:05:56]} {[%emt 00:01:33]} 9. bxc3 {[%clk 01:10:18]}
{[%emt 00:00:54]} Bxc4 {[%clk 01:05:20]} {[%emt 00:01:09]} 10. Qa4+ {[%clk
01:09:30]} {[%emt 00:01:17]} b5 {[%clk 01:04:50]} {[%emt 00:01:01]} 11. Qd1
{[%clk 01:09:26]} {[%emt 00:00:33]} O-O {[%clk 01:04:51]} {[%emt 00:00:30]} 12.
Qf3 {[%clk 01:09:19]} {[%emt 00:00:35]} Bd5 {[%clk 01:04:12]} {[%emt 00:01:05]}
13. e4 {[%clk 01:06:38]} {[%emt 00:03:16]} Bb7 {[%clk 01:03:05]} {[%emt
00:01:32]} 14. Ne2 {[%clk 01:05:45]} {[%emt 00:01:28]} Na6 {[%clk 01:02:31]}
{[%emt 00:00:49]} 15. O-O {[%clk 01:05:55]} {[%emt 00:00:35]} e6 {[%clk
01:01:32]} {[%emt 00:01:22]} 16. Rfd1 {[%clk 01:02:36]} {[%emt 00:03:56]} Qf6
{[%clk 01:00:30]} {[%emt 00:00:51]} 17. Qe3 {[%clk 01:01:46]} {[%emt 00:01:46]}
Qe7 {[%clk 00:58:13]} {[%emt 00:02:55]} 18. dxc5 {[%clk 00:59:33]} {[%emt
00:02:49]} Qxc5 {[%clk 00:57:13]} {[%emt 00:01:22]} 19. Qf3 {[%clk 00:57:24]}
{[%emt 00:02:49]} Qc6 {[%clk 00:55:00]} {[%emt 00:02:37]} 20. Rd2 {[%clk
00:53:28]} {[%emt 00:04:23]} Qxe4 {[%clk 00:53:52]} {[%emt 00:01:46]} 21. Qxe4
{[%clk 00:52:53]} {[%emt 00:01:05]} Bxe4 {[%clk 00:54:00]} {[%emt 00:00:22]}
22. Rad1 {[%clk 00:50:35]} {[%emt 00:02:48]} Bf6 {[%clk 00:52:49]} {[%emt
00:01:35]} 23. Rd6 {[%clk 00:50:25]} {[%emt 00:00:46]} Nc7 {[%clk 00:51:01]}
{[%emt 00:02:15]} 24. f3 {[%emt 00:02:24]} Bd5 {[%clk 00:50:40]} {[%emt
00:00:07]} 25. Rd7 {[%clk 00:48:56]} {[%emt 00:00:52]} Na6 {[%clk 00:49:03]}
{[%emt 00:01:25]} 26. a3 {[%clk 00:48:51]} {[%emt 00:01:18]} Rfd8 {[%clk
00:48:14]} {[%emt 00:00:53]} 27. Rxd8+ {[%clk 00:48:58]} {[%emt 00:00:48]} Rxd8
{[%clk 00:48:22]} {[%emt 00:00:20]} 28. Bf2 {[%clk 00:49:08]} {[%emt 00:00:22]}
Bc4 {[%clk 00:47:38]} {[%emt 00:00:57]} 29. Re1 {[%clk 00:49:18]} {[%emt
00:00:37]} Rd3 {[%clk 00:46:14]} {[%emt 00:01:38]} 30. Nf4 {[%clk 00:49:11]}
{[%emt 00:00:54]} Rxc3 {[%clk 00:44:38]} {[%emt 00:01:56]} 31. Bxa7 {[%clk
00:49:13]} {[%emt 00:00:36]} Rxa3 {[%clk 00:44:06]} {[%emt 00:01:04]} 32. Rd1
{[%clk 00:49:11]} {[%emt 00:00:31]} Be5 {[%clk 00:42:04]} {[%emt 00:02:05]} 33.
g3 {[%clk 00:49:16]} {[%emt 00:00:53]} b4 {[%clk 00:41:27]} {[%emt 00:00:59]}
34. Rd8+ {[%clk 00:49:07]} {[%emt 00:00:46]} Kg7 {[%clk 00:41:06]} {[%emt
00:00:42]} 35. Rd2 {[%clk 00:47:51]} {[%emt 00:01:51]} b3 {[%clk 00:39:54]}
{[%emt 00:01:42]} 36. Rd1 {[%clk 00:47:27]} {[%emt 00:00:56]} Ra1 {[%clk
00:39:04]} {[%emt 00:01:05]} 37. Rxa1 {[%clk 00:47:39]} {[%emt 00:00:36]} Bxa1
{[%clk 00:39:23]} {[%emt 00:00:11]} 38. h4 {[%clk 00:47:54]} {[%emt 00:00:14]}
b2 {[%clk 00:39:34]} {[%emt 00:00:19]} 39. Bd4+ {[%clk 00:48:06]} {[%emt
00:00:18]} f6 {[%clk 00:39:30]} {[%emt 00:00:31]} 40. Bxb2 {[%clk 00:48:19]}
{[%emt 00:00:20]} Bxb2 {[%clk 00:39:49]} {[%emt 00:00:12]} 41. h5 {[%clk
00:48:32]} {[%emt 00:00:17]} Bd4+ {[%clk 00:39:09]} {[%emt 00:01:09]} 42. Kh2
{[%clk 00:48:42]} {[%emt 00:00:20]} g5 {[%clk 00:38:46]} {[%emt 00:00:53]} 43.
Nh3 {[%clk 00:48:56]} {[%emt 00:00:16]} Be5 {[%clk 00:38:22]} {[%emt 00:00:48]}
44. Kg2 {[%clk 00:49:14]} {[%emt 00:00:19]} Kh6 {[%clk 00:37:47]} {[%emt
00:01:04]} 45. g4 {[%clk 00:49:20]} {[%emt 00:00:24]} f5 {[%clk 00:37:24]}
{[%emt 00:00:54]} 46. Nf2 {[%clk 00:49:27]} {[%emt 00:00:22]} Bd5 {[%clk
00:37:07]} {[%emt 00:00:41]} 47. gxf5 {[%clk 00:49:37]} {[%emt 00:00:26]} exf5
{[%clk 00:37:05]} {[%emt 00:00:33]} 48. Nd3 {[%clk 00:49:43]} {[%emt 00:00:24]}
Bd6 {[%clk 00:36:59]} {[%emt 00:00:32]} 49. Kf2 {[%clk 00:49:58]} {[%emt
00:00:19]} Kxh5 {[%clk 00:36:48]} {[%emt 00:00:41]} 50. Ke3 {[%clk 00:50:15]}
{[%emt 00:00:12]} f4+ {[%clk 00:36:31]} {[%emt 00:00:43]} 51. Kf2 {[%clk
00:50:32]} {[%emt 00:00:17]} Kh4 {[%clk 00:36:24]} {[%emt 00:00:38]} 52. Ke2
{[%clk 00:49:55]} {[%emt 00:01:07]} h5 {[%clk 00:36:19]} {[%emt 00:00:34]} 53.
Kf2 {[%clk 00:50:06]} {[%emt 00:00:20]} Nc5 {[%clk 00:36:10]} {[%emt 00:00:31]}
54. Nb4 {[%clk 00:50:08]} {[%emt 00:00:36]} Bb7 {[%clk 00:35:40]} {[%emt
00:00:49]} 55. Ke2 {[%clk 00:50:23]} {[%emt 00:00:25]} Kg3 {[%clk 00:35:43]}
{[%emt 00:00:21]} 56. Nc2 {[%clk 00:50:14]} {[%emt 00:00:45]} Bxf3+ {[%clk
00:35:50]} {[%emt 00:00:23]} 57. Kf1 {[%clk 00:49:59]} {[%emt 00:00:46]} Nd3
{[%clk 00:35:20]} {[%emt 00:00:54]} 58. Kg1 {[%clk 00:49:02]} {[%emt 00:01:32]}
Bc5+ {[%clk 00:35:07]} {[%emt 00:00:36]} 59. Kf1 {[%clk 00:49:29]} {[%emt
00:00:10]} h4 {[%clk 00:35:25]} {[%emt 00:00:12]} 60. Nd4 {[%clk 00:49:39]}
{[%emt 00:00:20]} Bxd4 {[%clk 00:35:42]} {[%emt 00:00:14]} 1/2-1/2

[Event "DEM U10w 2024"]
[Site "Willingen GER"]
[Date "2024.05.22"]
[Round "6"]
[White "Yamshchikova, Oleksandra"]
[Black "Sriram, Yashasri"]
[Result "0-1"]
[Termination "normal"]
[Board "14"]
[WhiteElo "1032"]
[BlackElo "1576"]
[WhiteClock "01:00:29"]
[BlackClock "00:53:57"]
[PlyCount "50"]
[WhiteFideId "34171118"]
[BlackFideId "34656243"]
[EventCountry "GER"]
[EventRounds "11"]
[EventType "swiss"]
[EventDate "2024.05.18"]

1. e4 {[%clk 01:15:58]} {[%emt 00:00:02]} e6 {[%clk 01:15:52]} {[%emt
00:00:08]} 2. d4 {[%clk 01:16:23]} {[%emt 00:00:05]} d5 {[%clk 01:16:16]}
{[%emt 00:00:06]} 3. exd5 {[%clk 01:16:45]} {[%emt 00:00:08]} exd5 {[%clk
01:16:38]} {[%emt 00:00:08]} 4. Bd3 {[%clk 01:17:05]} {[%emt 00:00:11]} Nf6
{[%clk 01:16:40]} {[%emt 00:00:28]} 5. Nf3 {[%clk 01:17:17]} {[%emt 00:00:17]}
Bd6 {[%clk 01:17:01]} {[%emt 00:00:09]} 6. h3 {[%clk 01:17:26]} {[%emt
00:00:21]} O-O {[%clk 01:17:18]} {[%emt 00:00:13]} 7. c3 {[%clk 01:17:42]}
{[%emt 00:00:14]} Re8+ {[%clk 01:17:10]} {[%emt 00:00:38]} 8. Be2 {[%clk
01:17:20]} {[%emt 00:00:51]} Qe7 {[%clk 01:17:16]} {[%emt 00:00:25]} 9. Be3
{[%clk 01:17:01]} {[%emt 00:00:48]} Nbd7 {[%clk 01:16:42]} {[%emt 00:01:06]}
10. O-O {[%clk 01:17:16]} {[%emt 00:00:15]} Nf8 {[%clk 01:16:19]} {[%emt
00:00:52]} 11. Re1 {[%clk 01:17:00]} {[%emt 00:00:46]} Ng6 {[%clk 01:14:59]}
{[%emt 00:01:50]} 12. Bd2 {[%clk 01:16:51]} {[%emt 00:00:36]} c6 {[%clk
01:10:10]} {[%emt 00:05:23]} 13. Bd3 {[%clk 01:15:56]} {[%emt 00:01:24]} Qd8
{[%clk 01:04:51]} {[%emt 00:05:50]} 14. Bg5 {[%clk 01:15:30]} {[%emt 00:00:55]}
h6 {[%clk 01:03:14]} {[%emt 00:02:06]} 15. Bxf6 {[%clk 01:15:47]} {[%emt
00:00:13]} Rxe1+ {[%clk 01:02:09]} {[%emt 00:01:37]} 16. Qxe1 {[%clk 01:15:20]}
{[%emt 00:00:57]} Qxf6 {[%clk 01:02:32]} {[%emt 00:00:07]} 17. Kf1 {[%clk
01:12:04]} {[%emt 00:03:45]} Bd7 {[%clk 00:58:44]} {[%emt 00:04:18]} 18. Qd2
{[%clk 01:09:31]} {[%emt 00:03:02]} Bxh3 {[%clk 00:55:07]} {[%emt 00:04:07]}
19. gxh3 {[%clk 01:04:05]} {[%emt 00:05:54]} Qxf3 {[%clk 00:53:06]} {[%emt
00:02:34]} 20. Ke1 {[%clk 01:02:31]} {[%emt 00:02:03]} Re8+ {[%clk 00:53:00]}
{[%emt 00:00:37]} 21. Qe3 {[%clk 00:59:43]} {[%emt 00:03:18]} Rxe3+ {[%clk
00:52:47]} {[%emt 00:00:44]} 22. fxe3 {[%clk 00:59:58]} {[%emt 00:00:13]} Qxe3+
{[%clk 00:53:11]} {[%emt 00:00:07]} 23. Be2 {[%clk 01:00:16]} {[%emt 00:00:11]}
Qc1+ {[%clk 00:53:26]} {[%emt 00:00:15]} 24. Bd1 {[%clk 01:00:27]} {[%emt
00:00:20]} Qxb2 {[%emt 00:00:45]} 25. Nd2 {[%clk 01:00:29]} {[%emt 00:00:01]}
Qxa1 {[%clk 00:53:57]} {[%emt 00:00:11]} 0-1

[Event "DEM U10w 2024"]
[Site "Willingen GER"]
[Date "2024.05.22"]
[Round "6"]
[White "Subocz, Emma"]
[Black "Naz Öksüz, Meryem"]
[Result "1-0"]
[Termination "normal"]
[Board "15"]
[WhiteElo "1028"]
[BlackElo "1154"]
[WhiteClock "01:05:18"]
[BlackClock "00:14:28"]
[PlyCount "95"]
[WhiteFideId "41805666"]
[BlackFideId "533025860"]
[EventCountry "GER"]
[EventRounds "11"]
[EventType "swiss"]
[EventDate "2024.05.18"]

1. e4 {[%clk 01:15:59]} c5 {[%clk 01:15:57]} {[%emt 00:00:03]} 2. Nf3 {[%clk
01:16:03]} {[%emt 00:00:26]} Nc6 {[%clk 01:16:08]} {[%emt 00:00:20]} 3. d4
{[%clk 01:16:04]} {[%emt 00:00:29]} cxd4 {[%clk 01:16:32]} {[%emt 00:00:06]} 4.
Nxd4 {[%clk 01:16:29]} {[%emt 00:00:05]} Nf6 {[%clk 01:16:54]} {[%emt
00:00:07]} 5. Nc3 {[%clk 01:16:52]} {[%emt 00:00:07]} d6 {[%clk 01:16:51]}
{[%emt 00:00:33]} 6. Bc4 {[%clk 01:16:40]} {[%emt 00:00:43]} e6 {[%clk
01:17:07]} {[%emt 00:00:13]} 7. O-O {[%clk 01:12:48]} {[%emt 00:04:21]} Be7
{[%clk 01:15:03]} {[%emt 00:02:35]} 8. Kh1 {[%clk 01:10:44]} {[%emt 00:02:35]}
O-O {[%clk 01:13:26]} {[%emt 00:02:06]} 9. Bg5 {[%clk 01:10:20]} {[%emt
00:00:54]} h6 {[%clk 01:13:41]} {[%emt 00:00:14]} 10. Bh4 {[%clk 01:10:22]}
{[%emt 00:00:29]} d5 {[%clk 01:12:43]} {[%emt 00:01:28]} 11. exd5 {[%clk
01:09:06]} {[%emt 00:01:47]} exd5 {[%clk 01:12:41]} {[%emt 00:00:32]} 12. Bb3
{[%clk 01:07:37]} {[%emt 00:01:58]} a6 {[%clk 01:12:02]} {[%emt 00:01:09]} 13.
Nxc6 {[%clk 01:06:37]} {[%emt 00:01:30]} bxc6 {[%clk 01:12:09]} {[%emt
00:00:23]} 14. Re1 {[%clk 01:05:08]} {[%emt 00:01:59]} Ra7 {[%clk 01:06:07]}
{[%emt 00:06:33]} 15. f4 {[%clk 01:04:10]} {[%emt 00:01:28]} Qd6 {[%clk
01:01:38]} {[%emt 00:04:58]} 16. Bf2 {[%clk 01:03:13]} {[%emt 00:01:27]} Rb7
{[%clk 01:01:20]} {[%emt 00:00:48]} 17. Qd4 {[%clk 01:00:48]} {[%emt 00:02:56]}
Rb4 {[%clk 00:59:38]} {[%emt 00:02:11]} 18. Qa7 {[%clk 01:00:43]} {[%emt
00:00:36]} Re8 {[%clk 00:58:42]} {[%emt 00:01:26]} 19. Na4 {[%clk 00:59:50]}
{[%emt 00:01:23]} Qxf4 {[%clk 00:54:47]} {[%emt 00:04:24]} 20. Bg3 {[%clk
00:59:38]} {[%emt 00:00:42]} Qd2 {[%clk 00:52:38]} {[%emt 00:02:35]} 21. Rxe7
{[%clk 00:58:13]} {[%emt 00:01:58]} Rxe7 {[%clk 00:52:50]} {[%emt 00:00:20]}
22. Qxe7 {[%clk 00:58:30]} {[%emt 00:00:12]} Re4 {[%clk 00:52:43]} {[%emt
00:00:35]} 23. Qc7 {[%clk 00:55:25]} {[%emt 00:03:37]} Rd4 {[%clk 00:47:46]}
{[%emt 00:05:27]} 24. Qxc8+ {[%clk 00:55:09]} {[%emt 00:00:47]} Kh7 {[%clk
00:48:05]} {[%emt 00:00:09]} 25. c3 {[%clk 00:55:24]} {[%emt 00:00:16]} Re4
{[%clk 00:46:04]} {[%emt 00:02:28]} 26. Qf5+ {[%clk 00:55:06]} {[%emt
00:00:51]} Kh8 {[%clk 00:46:12]} {[%emt 00:00:22]} 27. Qc8+ {[%emt 00:00:40]}
Kh7 {[%emt 00:00:13]} 28. Qxa6 {[%emt 00:00:32]} Ng4 {[%clk 00:44:24]} {[%emt
00:00:35]} 29. Qf1 {[%clk 00:55:00]} {[%emt 00:01:24]} Ne3 {[%clk 00:41:49]}
{[%emt 00:03:05]} 30. Qf2 {[%clk 00:54:42]} {[%emt 00:00:49]} Qd3 {[%clk
00:40:52]} {[%emt 00:01:25]} 31. Nc5 {[%clk 00:53:46]} {[%emt 00:01:27]} Qb5
{[%clk 00:38:59]} {[%emt 00:02:21]} 32. Nxe4 {[%clk 00:54:02]} {[%emt
00:00:16]} dxe4 {[%clk 00:39:14]} {[%emt 00:00:15]} 33. Qxe3 {[%clk 00:54:21]}
{[%emt 00:00:11]} f5 {[%clk 00:36:37]} {[%emt 00:03:07]} 34. a4 {[%clk
00:53:30]} {[%emt 00:01:22]} Qxb3 {[%clk 00:36:18]} {[%emt 00:00:48]} 35. Qf2
{[%clk 00:53:11]} {[%emt 00:00:48]} Qf7 {[%clk 00:36:04]} {[%emt 00:00:42]} 36.
a5 {[%clk 00:53:27]} {[%emt 00:00:18]} Qe6 {[%clk 00:35:55]} {[%emt 00:00:29]}
37. a6 {[%clk 00:53:13]} {[%emt 00:00:54]} e3 {[%clk 00:29:49]} {[%emt
00:06:35]} 38. Qe2 {[%clk 00:52:55]} {[%emt 00:00:48]} g5 {[%clk 00:25:59]}
{[%emt 00:04:19]} 39. a7 {[%clk 00:53:02]} {[%emt 00:00:24]} f4 {[%clk
00:23:42]} {[%emt 00:02:47]} 40. Be1 {[%clk 00:52:51]} {[%emt 00:00:41]} f3
{[%clk 00:15:28]} {[%emt 00:08:44]} 41. Qxf3 {[%clk 00:52:45]} {[%emt
00:00:37]} e2 {[%clk 00:13:37]} {[%emt 00:02:20]} 42. a8=Q {[%clk 00:52:24]}
{[%emt 00:00:50]} g4 {[%clk 00:09:38]} {[%emt 00:04:30]} 43. Qd3+ {[%clk
00:50:59]} {[%emt 00:01:55]} Kg7 {[%clk 00:04:53]} {[%emt 00:05:16]} 44. Ra7+
{[%clk 00:51:20]} {[%emt 00:00:09]} Qf7 {[%clk 00:02:27]} {[%emt 00:02:55]} 45.
Rxf7+ {[%clk 00:49:56]} {[%emt 00:01:54]} Kxf7 {[%clk 00:01:19]} {[%emt
00:01:38]} 46. Qxc6 {[%clk 00:49:41]} {[%emt 00:00:46]} Kg7 {[%clk 00:14:55]}
{[%emt 00:01:53]} 47. Qdd7+ {[%clk 01:05:00]} {[%emt 00:00:12]} Kf8 {[%clk
00:14:28]} {[%emt 00:00:57]} 48. Qcc8# {[%clk 01:05:18]} {[%emt 00:00:12]} 1-0

[Event "DEM U10w 2024"]
[Site "Willingen GER"]
[Date "2024.05.22"]
[Round "6"]
[White "Seitov, Adela"]
[Black "Mudriievskaya, Esther"]
[Result "1-0"]
[Termination "normal"]
[Board "16"]
[WhiteElo "923"]
[BlackElo "1495"]
[WhiteClock "01:16:55"]
[BlackClock "01:08:21"]
[PlyCount "37"]
[WhiteFideId "34675140"]
[BlackFideId "34676465"]
[EventCountry "GER"]
[EventRounds "11"]
[EventType "swiss"]
[EventDate "2024.05.18"]

1. e4 {[%clk 01:15:59]} {[%emt 20:17:20]} e6 {[%clk 01:15:53]} {[%emt
00:00:08]} 2. Nf3 {[%clk 01:16:16]} {[%emt 00:00:13]} d5 {[%clk 01:16:10]}
{[%emt 00:00:11]} 3. exd5 {[%clk 01:16:34]} {[%emt 00:00:14]} exd5 {[%clk
01:16:24]} {[%emt 00:00:15]} 4. d4 {[%clk 01:16:34]} {[%emt 00:00:31]} Bd6
{[%clk 01:16:34]} {[%emt 00:00:19]} 5. Nc3 {[%clk 01:16:42]} {[%emt 00:00:23]}
Ne7 {[%clk 01:16:42]} {[%emt 00:00:21]} 6. Bg5 {[%clk 01:16:42]} {[%emt
00:00:30]} O-O {[%clk 01:15:19]} {[%emt 00:01:53]} 7. Nxd5 {[%clk 01:16:57]}
{[%emt 00:00:16]} f6 {[%clk 01:15:29]} {[%emt 00:00:18]} 8. Nxe7+ {[%clk
01:16:40]} {[%emt 00:00:49]} Qxe7+ {[%clk 01:15:35]} {[%emt 00:00:23]} 9. Be3
{[%clk 01:16:55]} {[%emt 00:00:16]} f5 {[%clk 01:15:09]} {[%emt 00:00:53]} 10.
Bc4+ {[%clk 01:17:01]} {[%emt 00:00:26]} Kh8 {[%clk 01:14:46]} {[%emt
00:00:54]} 11. O-O {[%clk 01:17:09]} {[%emt 00:00:22]} Be6 {[%clk 01:13:57]}
{[%emt 00:01:15]} 12. Bg5 {[%clk 01:17:12]} {[%emt 00:00:29]} Qf7 {[%clk
01:13:36]} {[%emt 00:00:51]} 13. Bxe6 {[%clk 01:17:19]} {[%emt 00:00:24]} Qxe6
{[%clk 01:13:42]} {[%emt 00:00:24]} 14. Re1 {[%clk 01:17:12]} {[%emt 00:00:39]}
Qf7 {[%clk 01:10:47]} {[%emt 00:03:15]} 15. Ne5 {[%clk 01:17:15]} {[%emt
00:00:36]} Bxe5 {[%clk 01:09:34]} {[%emt 00:01:43]} 16. dxe5 {[%clk 01:16:45]}
{[%emt 00:00:59]} Qg6 {[%clk 01:09:15]} {[%emt 00:00:43]} 17. Be7 {[%clk
01:16:42]} {[%emt 00:00:41]} Rf7 {[%clk 01:08:42]} {[%emt 00:00:58]} 18. Qd8+
{[%clk 01:17:03]} {[%emt 00:00:13]} Rf8 {[%clk 01:08:21]} {[%emt 00:00:50]} 19.
Qxf8# {[%clk 01:16:55]} {[%emt 00:00:07]} 1-0